00495nam a22001817a 4500003000500000005001700005008004100022010001000063011001000073035001000083040000900093110004100102245007100143260003200214300001900246650001900265650002900284CHAP20220329135626.0971013s1961 r 00010 d a39515 a40487 a44613 cCHAP aE.U.A. Agricultural Research Service aEntomology in teh Soviet Union ; report of a technical study group aWashington :bA.R.S.,c1961 a24 p.b: ilus.14aEntomología.14aU.R.S.S.xEntomología.